000
00290nam a2200121Ia 4500
008
191201s2012 xx 000 0 und d
100
_a
GRANT, Eugene L.
245
0
_a
Statistical Quality Control
260
_a
N. Delhi
_b
TMH
_c
2012
300
_a
764
650
_a
B.Tech(ME)
942
_2
ddc
_c
BK
999
_c
6141
_d
6141